Statistics for Governors of North Carolina

Click here to take the quiz!

General Stats

  • This quiz has been taken 8 times
  • The average score is 20 of 75

Answer Stats

HintAnswer% Correct
2017-Roy Cooper
71%
1993-2001Jim Hunt
57%
1977-1985Jim Hunt
57%
1961-1965Terry Sanford
57%
1782-1785Alexander Martin
43%
1789-1792Alexander Martin
43%
1925-1929Angus Wilton McLean
43%
1889-1891Daniel Gould Fowle
43%
1965-1969Dan Killian Moore
43%
1861-1862Henry Toole Clark
43%
1985-1993James Grubbs Martin
43%
1973-1977James Holshouser
43%
1865-1868Johnathan Worth
43%
2001-2009Mike Easley
43%
1776-1780Richard Caswell
43%
1785-1787Richard Caswell
43%
1969-1973Robert Walter Scott
43%
1871-1874Tod Robinson Caldwell
43%
1953-1954William Bradley Umstead
43%
1949-1953William Kerr Scott
43%
1865William Woods Holden
43%
1868-1871William Woods Holden
43%
1877-1879Zebulon Baird Vance
43%
1862-1865Zebulon Baird Vance
43%
1780-1781Abner Nash
29%
1885-1889Alfred Moore Scales
29%
1901-1905Charles Brantley Aycock
29%
1849-1851Charles Manley
29%
1937-1941Clyde Roark Hoey
29%
1897-1901Daniel Lindsay Russell
29%
1836-1841Edward Bishop Dudley
29%
1817-1820John Branch
29%
1841-1845John Motley Morehead
29%
1859-1861John Willis Ellis
29%
1941-1945Joseph Melville Broughton
29%
1954-1961Luther Hartwell Hodges
29%
1830-1832Montfort Stokes
29%
1929-1933Oliver Max Gardner
29%
1905-1909Robert Broadnax Glenn
29%
1795-1798Samuel Ashe
29%
1787-1789Samuel Johnston
29%
1855-1859Thomas Bragg
29%
1879-1885Thomas Jordan Jarvis
29%
1917-1921Thomas Walter Bickett
29%
1845-1849William Alexander Graham
29%
1798-1799William Richardson Davie
29%
1909-1913William Walton Kitchin
29%
1810-1811Benjamin Smith
14%
1799-1802Benjamin Williams
14%
1807-1808Benjamin Williams
14%
2009-2013Beverly Purdue
14%
1921-1925Cameron Morrison
14%
1851-1854David Settle Reid
14%
1832-1835Davis Lowrey Swain
14%
1821-1824Gabriel Holmes
14%
1820-1821Jesse Franklin
14%
1828-1830John Owen
14%
1913-1917Locke Craig
14%
1805-1807Nathaniel Alexander
14%
2013-2017Pat McCrory
14%
1792-1795Richard Dobbs Spaight
14%
1835-1836Richard Dobbs Spaight Jr.
14%
1891-1893Thomas Michael Holt
14%
1811-1814William Hawkins
14%
1814-1817William Miller
14%
1874-1877Curis Hooks Brogden
0%
1808-1810David Stone
0%
1893-1897Elias Carr
0%
1824-1827Hutchins Gordon Burton
0%
1827-1828James Iredell Jr.
0%
1802-1805James Turner
0%
1933-1937John Christoph Blucher Ehringhaus
0%
1945-1949Robert Gregg Cherry
0%
1781-1782Thomas Burke
0%
1854-1855Warren Winslow
0%

Score Distribution

Percentile by Number Answered

Percent of People with Each Score

Your Score History

You have not taken this quiz